| 000 | 00441nam a2200157Ia 4500 | ||
|---|---|---|---|
| 999 |
_c17928 _d17928 |
||
| 003 | OSt | ||
| 005 | 20210216110551.0 | ||
| 008 | 190216s9999||||xx |||||||||||||| ||und|| | ||
| 040 | _coclc | ||
| 082 |
_a920 _bSHA/M |
||
| 100 |
_aSharma, Narendre _98468 |
||
| 245 | 0 |
_aMohandas Karam Chand Gandhi / _cNarendre Sharma |
|
| 260 | _bMac Millian And Com. Ltd, | ||
| 300 | _a294p | ||
| 942 |
_cBK _2ddc _h920 _iSHA/M _k920 _mSHA/M |
||